Research methods in accounting. (3rd edition) (Record no. 80160)
[ view plain ]
| 000 -LEADER | |
|---|---|
| fixed length control field | 00791nam a2200181 a 4500 |
| 008 - FIXED-LENGTH DATA ELEMENTS--GENERAL INFORMATION | |
| fixed length control field | 170111s2015 ||||||||||||||||| || u |
| 020 ## - INTERNATIONAL STANDARD BOOK NUMBER | |
| International Standard Book Number | 9781446294666 |
| 050 ## - LIBRARY OF CONGRESS CALL NUMBER | |
| Classification number | HF 5630 Smi |
| 100 ## - MAIN ENTRY--PERSONAL NAME | |
| Personal name | Smith, Malcolm |
| 245 10 - TITLE STATEMENT | |
| Title | Research methods in accounting. (3rd edition) |
| Statement of responsibility, etc. | By Malcolm Smith |
| 250 ## - EDITION STATEMENT | |
| Edition statement | 3rd ed. |
| 260 ## - PUBLICATION, DISTRIBUTION, ETC. | |
| Place of publication, distribution, etc. | London |
| Name of publisher, distributor, etc. | SAGE Publications |
| Date of publication, distribution, etc. | 2015 |
| 300 ## - PHYSICAL DESCRIPTION | |
| Extent | xi, 248p.: ill. |
| 650 #0 - SUBJECT ADDED ENTRY--TOPICAL TERM | |
| Topical term or geographic name entry element | RESEARCH--METHODOLOGY |
| 650 ## - SUBJECT ADDED ENTRY--TOPICAL TERM | |
| Topical term or geographic name entry element | ACCOUNTING--RESEARCH--METHODOLOGY |
| 995 ## - | |
| -- | MAIN LIBRARY OPEN ACCESS |
| -- | 747589 |
| -- | CBU-MAIN LIBRARY (Kitwe) |
| -- | HF 5630 Smi |
| -- | 1 |
| -- | AVAILABLE |
| -- | Jan 24, 2017 |
| -- | 747589 |
| -- | Main Library Open Access Collection |
| 995 ## - | |
| -- | MAIN LIBRARY OPEN ACCESS |
| -- | 747590 |
| -- | CBU-MAIN LIBRARY (Kitwe) |
| -- | HF 5630 Smi |
| -- | 2 |
| -- | AVAILABLE |
| -- | Jan 24, 2017 |
| -- | 747590 |
| -- | Main Library Open Access Collection |
| 999 ## - | |
| -- | 80160 |
| -- | 80160 |
| Withdrawn status | Lost status | Source of classification or shelving scheme | Damaged status | Not for loan | Permanent Location | Current Location | Shelving location | Date acquired | Total Checkouts | Full call number | Barcode | Date last seen | Copy number | Price effective from | Koha item type |
|---|---|---|---|---|---|---|---|---|---|---|---|---|---|---|---|
| CBU-MAIN LIBRARY, KITWE. | CBU-MAIN LIBRARY, KITWE. | 06/29/2023 | HF 5630 Smi | 747589 | 06/29/2023 | 1 | 06/29/2023 | MONOGRAPH | |||||||
| CBU-MAIN LIBRARY, KITWE. | CBU-MAIN LIBRARY, KITWE. | 06/29/2023 | HF 5630 Smi | 747590 | 06/29/2023 | 2 | 06/29/2023 | MONOGRAPH |